Etica para el desarrollo de los pueblos

-д хадгалсан:
Номзүйн дэлгэрэнгүй
Үндсэн зохиолч: Martínez Navarro, Emilio (autor)
Формат: Ном
Хэл сонгох:испани
Хэвлэсэн: Madrid Trotta 2000
Цуврал:Colección Estructuras y Procesos. Serie Ciencias Sociales
Нөхцлүүд:
Шошгууд: Шошго нэмэх
Шошго байхгүй, Энэхүү баримтыг шошголох эхний хүн болох!

MARC

LEADER 00000nam a2200000 a 4500
001 UCN8205
003 CL-VaPUC
005 20240130134550.0
008 011109e20000000SP |||||||||||||||||spa|d
999 |c 298232  |d 298230 
020 |a 8481644064 
040 |c Pontificia Universidad Católica de Valparaíso 
082 0 4 |a 171.7  |b MAR  |2 21 
100 |a Martínez Navarro, Emilio  |e autor  |9 498905 
245 1 0 |a Etica para el desarrollo de los pueblos 
260 |a Madrid  |b Trotta  |c 2000 
300 |a 223 p 
490 0 |a Colección Estructuras y Procesos. Serie Ciencias Sociales 
583 |a last modification  |c 20011109 00:00:00  |k Rodrigo Vera 
650 0 |a Ética  |9 255099 
650 0 |a Desarrollo económico y social   |9 256320 
650 0 |a Libertad  |9 255686 
650 0 |a Desarrollo Personal  |9 390751 
942 |c BK  |2 ddc 
945 |d 20011109 00:00:00  |a cmena 
952 |0 0  |1 0  |4 0  |6 171_700000000000000_MAR_2000  |7 0  |8 A  |9 353710  |a BIBGIM  |b BIBGIM  |d 2019-11-21  |i 3768627  |o 171.7 MAR 2000  |p 3768627  |r 2025-01-15  |w 2019-11-21  |y BK  |k GIM 
952 |0 0  |1 0  |4 0  |6 171_700000000000000_MAR_2000  |7 0  |8 A  |9 353711  |a BIBTEO  |b BIBTEO  |d 2019-11-21  |i 3669173  |o 171.7 MAR 2000  |p 3669173  |r 2025-01-17  |w 2019-11-21  |y BK  |k ICR 
952 |0 0  |1 0  |4 0  |6 171_700000000000000_MAR_2000  |7 0  |8 A  |9 353712  |a BIBTEO  |b BIBTEO  |d 2019-11-21  |i 3716597  |o 171.7 MAR 2000  |p 3716597  |r 2025-01-17  |w 2019-11-21  |y BK  |k ICR 
952 |0 0  |1 0  |4 0  |6 171_700000000000000_MAR_2000  |7 0  |8 DER_TF  |9 353713  |a BIBDER  |b BIBDER  |d 2019-11-21  |i 3912930  |o 171.7 MAR 2000  |p 3912930  |r 2023-01-25  |w 2019-11-21  |x Ubicación 4to Piso  |y BK  |z Estos recursos deben solicitarse con anticipación  |k DER 
952 |0 0  |1 0  |4 0  |6 171_700000000000000_MAR_2000  |7 0  |8 A  |9 353714  |a BIBTEO  |b BIBTEO  |d 2019-11-21  |i 4197534  |o 171.7 MAR 2000  |p 4197534  |r 2025-01-17  |w 2019-11-21  |y BK  |k ICR